[Event "MCR senioru 2020 nad 60 let"]
[Site "Rychnov n. K."]
[Date "2020.08.12"]
[Round "5"]
[White "Dolezal, Karel"]
[Black "Mojzis, Jan"]
[Result "1/2-1/2"]
[WhiteElo "1918"]
[BlackElo "2125"]
[EventDate "2020.08.08"]

1. c4  e6  2. d4  d5
3. cxd5  exd5  4. g3
c5  5. Bg2  Nc6
6. dxc5  Nf6  7. Nf3  Bxc5
8. O-O  O-O  9. a3
Ne4  10. e3  a5
11. Nd4  Nxd4  12. exd4  Bb6
13. Nc3  Be6  14. Nxe4
dxe4  15. Bxe4  Qxd4
16. Qf3  Qf6  17. Qxf6
gxf6  18. Be3  Bxe3
19. fxe3  Kg7  20. Rfd1
Rac8  21. Rd4  Rc7
22. Rad1  b6  1/2-1/2

[Event "MCR senioru 2020 nad 60 let"]
[Site "Rychnov n. K."]
[Date "2020.08.12"]
[Round "5"]
[White "Nemec, Otakar"]
[Black "Urban, Zdenek"]
[Result "0-1"]
[WhiteElo "1847"]
[BlackElo "2076"]
[EventDate "2020.08.08"]

1. e4  c5  2. c3  Nf6
3. e5  Nd5  4. d4
e6  5. Nf3  Nc7
6. Bd3  Nc6  7. O-O  d6
8. a3  dxe5  9. dxe5
Be7  10. Qe2  Bd7
11. Bf4  Nd5  12. Bg3
g5  13. c4  Nb6
14. h3  h5  15. Qe4  Qc7
16. Nc3  Nd4  17. Nxd4
cxd4  18. Nb5  Bxb5
19. cxb5  Qd7  20. Rac1
Na4  21. Rc4  Nc5
22. Qe2  h4  23. Bh2
Rc8  24. b4  Na4
25. Rxc8+  Qxc8  26. f4
Nc3  27. Qf2  Qd7 28. f5
Bd8  29. Kh1  Bb6
30. fxe6  Qxe6  31. Bf5
Qd5  32. e6  O-O
33. exf7+  Rxf7  34. Bh7+
Kxh7  35. Qxf7+  Qxf7
36. Rxf7+  Kg6  37. Rf3
Ne4  38. Be5  d3
39. Bc3  d2  40. Bxd2
Nxd2  41. Rd3  Ne4
42. Rd7  Nc3  43. Rxb7
Nxb5  44. a4  Nd6
45. Rd7  Nc4  46. Rd5
Kf6  47. Kh2  Bf2
48. Kh1  Be3  49. Kh2
Ke6  50. Rb5  Nd6
0-1

[Event "MCR senioru 2020 nad 70 let"]
[Site "Rychnov n. K."]
[Date "2020.08.12"]
[Round "5"]
[White "Trojan, Lubos"]
[Black "Sejkora, Vlastimil"]
[Result "0-1"]
[WhiteElo "1953"]
[BlackElo "2185"]
[EventDate "2020.08.08"]

1. Nf3  g6  2. g3  Bg7
3. d4  d6  4. Bg2
Nf6  5. Nbd2  O-O
6. O-O  Nc6  7. e4 e5 8. d5
Ne7  9. c4  b6
10. b3  a5  11. Re1  Nh5
12. h3  h6  13. Nf1
Qe8  14. Bb2  f5
15. N3h2  Qf7  16. Qd2
a4  17. exf5  gxf5
18. f4  a3  19. Bc3
exf4  20. Bxg7  Qxg7
21. gxf4  Ng6  22. Re3
Bd7  23. Rf3  Qxa1 0-1

[Event "MCR senioru 2020 nad 70 let"]
[Site "Rychnov n. K."]
[Date "2020.08.12"]
[Round "5"]
[White "Fiser, Jiri"]
[Black "Zeman, Ladislav"]
[Result "0-1"]
[WhiteElo "1871"]
[BlackElo "1771"]
[EventDate "2020.08.08"]

1. e4  e5  2. Nf3  Nc6
3. Bb5  d6  4. c3
Be7  5. O-O  Nf6
6. Re1  O-O  7. h3
Bd7  8. d4  exd4
9. cxd4  d5  10. exd5
Nxd5  11. Nc3  Nxc3
12. bxc3  Na5  13. Bd3
c5  14. Be3  Bc6
15. Ne5  Qd5  16. Nxc6
Qxc6  17. d5  Qf6
18. c4  Bd6  19. Bd2
b6  20. Qc2  Be5
21. Rad1  Bd4  22. Be3
Bxe3  23. Rxe3  g6
24. Rde1  Nb7  25. Rf3
Qg7  26. Re7  Nd6
27. Rfe3  Rfe8  28. Qe2
Qf8  29. Rxe8  Rxe8
30. Rxe8  Qxe8  31. Qxe8+
Nxe8  32. Kf1  Nd6
33. Ke2  Kg7  34. a4
g5  35. f4  h6
36. g4  Kf6  37. Ke3  Ke7
38. Kf3  Kf6  39. Ke3
Nb7  40. Ke4  Na5
41. fxg5+  hxg5  42. d6
Nc6  43. Bf1  Ke6
44. d7  f6  45. Bg2
Nd8  46. h4  gxh4
47. Bh3  Kxd7  48. g5+
Ke7  49. gxf6+  Kxf6
50. Kd5  Nb7  51. Bf1
Na5  52. Kd6  Kg5
53. Kc7  Nxc4  54. Bxc4
h3  55. Kb7  h2
56. Bd5  c4  57. Kxa7  c3
58. Kxb6  c2  0-1

[Event "MCR senioru 2020 nad 70 let"]
[Site "Rychnov n. K."]
[Date "2020.08.12"]
[Round "5"]
[White "Sedlacek, Jan"]
[Black "Just, Pavel"]
[Result "1/2-1/2"]
[WhiteElo "1847"]
[BlackElo "1958"]
[EventDate "2020.08.08"]

1. e4  e5  2. Nf3  Nc6
3. Bb5  Nf6  4. d3
Bc5  5. O-O  d6
6. h3  O-O  7. c3  Bb6
8. a4  a6  9. Bc4
Qe7  10. Qe2  Be6
11. Na3  Na5  12. Bxe6
fxe6  13. Be3  Bxe3
14. fxe3  Nb3  15. Ra2
b6  16. Qc2  Nc5
17. b4  Ncd7  18. Nc4
Nh5 19. Na3 1/2-1/2

[Event "MCR senioru 2020 nad 70 let"]
[Site "Rychnov n. K."]
[Date "2020.08.12"]
[Round "5"]
[White "Kohout, Jan"]
[Black "Vesely, Emanuel"]
[Result "1/2-1/2"]
[WhiteElo "1928"]
[BlackElo "1795"]
[EventDate "2020.08.08"]

1. e4  e5  2. Nf3  Nc6
3. Bb5  Nf6  4. Nc3
Bb4  5. Nd5  Nxd5
6. exd5  Ne7  7. Nxe5
Nxd5  8. Bc4  c6
9. Bxd5  cxd5  10. O-O
O-O  11. d4  Be7
12. Qf3  d6  13. Nd3
Be6  14. Re1  Bf6
15. c3  Qd7  16. Bf4
Rac8  17. Nb4  Qb5
18. Bxd6  Rfd8  19. a4
Qd7  20. Be5  Be7
21. Qg3  f6  22. Bf4
Bxb4  23. cxb4  Rc4
24. Qe3 Re8 25. b5  Bf7  26. Qd2
Rec8  27. Rec1  Bg6
1/2-1/2

[Event "MCR senioru 2020 nad 70 let"]
[Site "Rychnov n. K."]
[Date "2020.08.12"]
[Round "5"]
[White "Volf, Jaroslav"]
[Black "Innemann, Frantisek"]
[Result "1-0"]
[WhiteElo "1966"]
[BlackElo "1850"]
[EventDate "2020.08.08"]

1. e4  e6  2. d4  d5
3. Nd2  Nf6  4. Bd3
dxe4  5. Nxe4  Be7
6. c3  Bd7  7. Nf3
Bc6  8. Qe2  Nxe4
9. Bxe4  Bxe4  10. Qxe4
Qd5  11. Qxd5  exd5
12. Bf4  c6  13. O-O-O
O-O  14. Rhe1  Bf6
15. Bd6  Rd8  16. Be7
Bxe7  17. Rxe7  Nd7
18. Ng5  Rab8  19. Rde1
Nf6  20. Nxf7  Re8
21. Nd6  Rxe7  22. Rxe7
Ng4  23. f3  Nxh2
24. Re1  Rf8  25. Rh1
Nxf3  26. gxf3  Rxf3
27. Nxb7  g5  28. Rg1
h6  29. Na5  Rf6
30. Nb3  Kg7  31. Nd2
Kg6  32. Rf1  g4
33. Rxf6+  Kxf6  34. Kd1
Kf5  35. Ke2  h5
36. Ke3  h4  37. Nf1
a6  38. b3  g3
39. Kf3  g2  40. Ne3+  Kg5
41. Nxg2  h3  42. Nf4
h2  43. Nh3+  Kf5
44. Nf2  1-0

[Event "MCR senioru 2020 nad 70 let"]
[Site "Rychnov n. K."]
[Date "2020.08.12"]
[Round "5"]
[White "Laska, Zdenek"]
[Black "Papan, Cyril"]
[Result "1/2-1/2"]
[WhiteElo "1833"]
[BlackElo "1933"]
[EventDate "2020.08.08"]

1. d4  Nf6  2. c4  e6
3. Nf3  b6  4. g3
Bb7  5. Bg2  Bb4+
6. Bd2  Qe7  7. O-O
Ne4  8. Bxb4  Qxb4
9. Qc2  f5  10. a3
Qe7  11. Nc3  Nxc3
12. Qxc3  O-O  13. Ne5
Bxg2  14. Kxg2  d6
15. Nd3  a5  16. b4
axb4  17. axb4  Nd7
18. Rxa8 Rxa8 19. Ra1  Qe8  20.
f3  Qb8  21. Ra3  Qb7
22. Qa1  Rxa3  23. Qxa3
Qc6  24. Qa2  Kf7
25. b5 Qb7 26. Qa6 Qb8 27. Nb4 Ke8 1/2-1/2

[Event "MCR senioru 2020 nad 70 let"]
[Site "Rychnov n. K."]
[Date "2020.08.12"]
[Round "5"]
[White "Dolezal, Radoslav"]
[Black "Pecak, Ivan"]
[Result "1-0"]
[WhiteElo "1929"]
[BlackElo "1642"]
[EventDate "2020.08.08"]

1. e4  e5  2. Nf3  Nc6
3. Bb5  a6  4. Ba4
d6  5. c3  g5
6. h3  g4  7. hxg4  Bxg4
8. d3  Qf6  9. Bg5
Qxg5  10. Nxg5  Bxd1
11. Bxd1  h6  12. Nf3
O-O-O  13. Nbd2  Be7
14. Bb3  Rf8  15. Nc4
b5  16. Ne3  Nf6
17. Nf5  Kd7  18. Ke2
Ng4  19. N3h4  Nd8
20. f3  Nf6  21. Nxe7
Kxe7  22. Nf5+  Ke8
23. Nxh6  Rh7  24. Nf5
Rfh8  25. Rxh7  Rxh7
26. Ng3  Ne6  27. Bxe6
fxe6  28. a4  Kd7
29. axb5  axb5  30. Rh1
Rg7  31. Kf2  Rf7
32. Rh8  d5  33. exd5
exd5  34. Nf5  e4
35. Ke3  exf3  36. gxf3
Ne8  37. Nd4  Re7+
38. Kd2  Nd6  39. Rh6
Rg7  40. b4  Rf7
41. Rh5  c6  42. Rh8
Nf5  43. Nxf5  Rxf5
44. Ke3  Rf7  45. Ra8
Kd6  46. Re8  Kd7
47. Re5  Kd6  48. f4
Rf6  49. Rh5  Ke6
50. Kf3  Kd6  51. f5
c5  52. Kf4  d4
53. cxd4  cxb4  54. Ke4  Kc6
55. Ke5  Rd6  56. Rh2
Rd8  57. Rb2  Re8+
58. Kf4  Kd5  59. Rxb4
Re1  60. Rxb5+  Kxd4
61. Rb6  Rf1+  62. Kg5
Rg1+  63. Kf6  Kd5
64. Rb8  Kd6  65. Rd8+
Kc7  66. Rd4  1-0

[Event "MCR senioru 2020 nad 80 let"]
[Site "Rychnov n. K."]
[Date "2020.08.12"]
[Round "5"]
[White "Jacek, Miloslav"]
[Black "Prachar, Josef"]
[Result "1/2-1/2"]
[WhiteElo "1938"]
[BlackElo "1792"]
[EventDate "2020.08.08"]

1. e4  c5  2. Nc3  Nc6
3. g3 g6 4. Bg2  Bg7  5. d3
d6  6. f4  e6
7. Nf3  Nge7  8. O-O  Rb8
9. Be3  Nd4  10. Qd2
b5  11. a3  a5
12. Nd1  O-O  13. h3  1/2-1/2

[Event "MCR senioru 2020 nad 80 let"]
[Site "Rychnov n. K."]
[Date "2020.08.12"]
[Round "5"]
[White "Vochozka, Jindrich"]
[Black "Holecek, Vladimir"]
[Result "1/2-1/2"]
[WhiteElo "1747"]
[BlackElo "1904"]
[EventDate "2020.08.08"]

1. d4  d5  2. c4  e6
3. Nc3  Nf6  4. Bg5
Be7  5. e3  h6
6. Bh4  Nbd7  7. Nf3  O-O
8. Rc1  c6  9. Bd3
dxc4  10. Bxc4  Re8
11. O-O  Nh7  12. Bg3
Nb6  13. Bd3  Bd6
14. Bxd6  Qxd6  15. Ne4
Qe7  16. Ne5  Nf8
17. Qh5  Nbd7  18. Nc4
f5  19. Ng3  Nf6
1/2-1/2

[Event "MCR senioru 2020 nad 80 let"]
[Site "Rychnov n. K."]
[Date "2020.08.12"]
[Round "5"]
[White "Pokora, Lubomir"]
[Black "Walter, Jaroslav"]
[Result "0-1"]
[WhiteElo "1732"]
[BlackElo "1630"]
[EventDate "2020.08.08"]

1. Nf3  Nf6  2. b3  d5
3. Bb2  e6  4. e3
c5  5. c4  Nc6
6. d4  Ne4  7. dxc5  Qa5+
8. Nfd2  Nxd2  9. Nxd2
Qxc5  10. a3  dxc4
11. Nxc4  b5  12. Nd2
Bb7  13. Ne4  Qb6
14. Nd6+  Bxd6  15. Qxd6
Rd8  16. Qg3  Qa5+
17. b4  Nxb4  18. Bd4
Nc2+  19. Ke2  Nxa1
20. Qxg7  Rf8  21. Bc3
Qa4  0-1

[Event "MCR senioru 2020 nad 80 let"]
[Site "Rychnov n. K."]
[Date "2020.08.12"]
[Round "5"]
[White "Matoulek, Jaroslav"]
[Black "Most, Zdenek"]
[Result "0-1"]
[WhiteElo "1560"]
[BlackElo "1978"]
[EventDate "2020.08.08"]

1. e4  c5  2. Nf3  Nc6
3. g3  g6  4. Bg2
Bg7  5. c3  Nf6
6. d3  d6 7. h3 O-O  8. O-O  Bd7
9. Be3  a6  10. Nbd2
Rb8  11. Rb1  b5
12. b4  cxb4  13. cxb4
h6  14. a3  e5
15. Nb3  Be6  16. Qd2  Kh7
17. Rfc1  Rc8  18. Ne1
Qd7  19. Kh2  Nh5
20. d4  Bxb3  21. d5
Bc4  22. dxc6  Rxc6
23. g4  Nf4  24. Bxf4
exf4  25. e5  Rb6
26. Qd4  Rfb8  27. Nf3
Qe6  28. Re1  dxe5
29. Nxe5  Bxe5  30. Rxe5
Qf6  31. Re4  Qxd4
32. Rxd4  g5  33. Rbd1
Re6  34. Rd6  Rb6
35. Rxb6  Rxb6  36. Bd5
Kg7  37. Bf3  a5 38. bxa5
Ra6  39. Rd7  Rxa5
40. Bd5  Rxa3  41. Rxf7+
Kg6  42. Bxc4  bxc4 43. Rc7 c3
44. Kg2  Kf6  45. Kf3
Ke5  46. Ke2  Kd4
47. Rd7+  Kc4  48. Rc7+
Kb3 49. Kd3 Kb2 50. Rb7+ Rb3  51. Rc7
Kc1  52. Rxc3+ Rxc3+ 53. Kxc3 Kd1 54. Kd3
Ke1 55. f3 Kf2 56. Ke4 Kg3  57. Kf5 Kxf3 58. Kg6
Kg3 59. Kxh6  Kh4  60. Kg6  f3
61. Kf5 f2 62. Ke4 f1=Q 63. Ke5 Kxh3 64. Ke4 Kxg4 65. Kd5 Kf5
0-1

[Event "MCR senioru 2020 nad 80 let"]
[Site "Rychnov n. K."]
[Date "2020.08.12"]
[Round "5"]
[White "Hadamek, Miroslav"]
[Black "Vlasak, Ladislav"]
[Result "1-0"]
[WhiteElo "1649"]
[BlackElo "1765"]
[EventDate "2020.08.08"]

1. Nf3  Nf6  2. b3  g6
3. Bb2  Bg7  4. e3
O-O  5. g3  d6
6. d4  c6  7. Bg2  Qa5+
8. Qd2  Qh5  9. O-O
Bh3  10. Nc3  Bxg2 11. Kxg2 e5
12. h3  e4  13. Nh2
g5  14. Qe2  Qg6
15. Ng4  h5  16. Nxf6+
Bxf6  17. f3  d5
18. fxe4  dxe4  19. Qf2
Be7  20. Qf5  Qxf5
21. Rxf5  Nd7  22. Nxe4 f6 23.
Rd1  Nb6  24. c4  Kg7
25. Rdf1  Kg6  26. d5
cxd5  27. cxd5  Rac8
28. R1f2  Rcd8  29. d6
Bxd6  30. Rxf6+  Rxf6
31. Rxf6+  Kh7  32. Rxd6
1-0

[Event "MCR senioru 2020 nad 50 let"]
[Site "Rychnov n. K."]
[Date "2020.08.13"]
[Round "6"]
[White "Kucera, Jiri"]
[Black "Svarc, Roman"]
[Result "1/2-1/2"]
[WhiteElo "2019"]
[BlackElo "1981"]
[EventDate "2020.08.08"]

1. e4  c5  2. Nc3  Nc6
3. Bb5  g6  4. f4
Bg7  5. Nf3  Nd4
6. Bc4  a6  7. O-O
e6  8. a4  Ne7
9. e5  d5  10. exd6  Qxd6
11. d3  b6  12. Ne4
Qc7  13. c3  Ndc6
14. Qe1  Bb7  15. Rb1
Nf5  1/2-1/2

[Event "MCR senioru 2020 nad 50 let"]
[Site "Rychnov n. K."]
[Date "2020.08.13"]
[Round "6"]
[White "Bartos, Jan"]
[Black "Mazanek, Kamil"]
[Result "1/2-1/2"]
[WhiteElo "2131"]
[BlackElo "2052"]
[EventDate "2020.08.08"]

1. d4  d5  2. c4  e6
3. Nf3  Nf6  4. Nc3
Be7  5. Bf4  c6
6. e3  O-O  7. Qc2  Nbd7
8. h3  Re8  9. Bd3
h6  10. O-O  dxc4
11. Bxc4  Nb6  12. Bb3
Nbd5  13. Bh2  Qa5
14. Ne5  Nxc3  15. bxc3
Nd7  16. Nc4  Qh5
17. Nd6  Rd8  18. Rad1
Nf6  19. Nxc8  Raxc8
20. Qd3  Bd6  21. Bxd6
Rxd6  22. e4  Rd7
23. e5  Nh7  24. f4
Nf8  25. f5  c5
26. Rf3  cxd4  27. cxd4  Rcd8
28. fxe6  Nxe6  29. Bxe6
fxe6  30. Qb3  Qg6 1/2-1/2

[Event "MCR senioru 2020 nad 50 let"]
[Site "Rychnov n. K."]
[Date "2020.08.13"]
[Round "6"]
[White "Kalousek, Vladimir"]
[Black "Richter, Martin"]
[Result "0-1"]
[WhiteElo "1963"]
[BlackElo "1952"]
[EventDate "2020.08.08"]

1. d4  Nf6  2. Nf3  d5
3. Bf4  c5  4. e3
Qb6  5. b3  Nc6
6. Be2  Bf5  7. c3  Ne4
8. O-O  e6  9. c4
dxc4  10. dxc5  Qxc5
11. bxc4  g5  12. Bg3
Bg7  13. Nd4  Nxd4
14. exd4  Qxd4  15. Qa4+
Qd7  16. Qxd7+  Kxd7
17. Na3  Bxa1  18. Rxa1
Nxg3  19. hxg3  Ke7
20. Nb5  a6  21. Nd4
Be4  22. Rc1  Rhd8
23. Nb3  Rac8  24. f3
Bd3  25. Kf2  Bxe2
26. Kxe2  h5  27. Ke3
h4  28. g4  f5
29. gxf5  exf5  30. c5  Kf6
31. Nd4  b6  32. c6
Ke5  33. Nb3  Rd6
34. c7  Rd7  35. Rc6
Rdxc7  36. Rxb6  Rc3+
37. Kf2  Rc2+  38. Kg1
Rxa2  39. Rg6  Rc3
40. Rb6  Rb2  41. Rxa6
Rcxb3  42. Rg6  Kf4
43. Ra6  Kg3  44. Ra1
Rb1+  0-1

[Event "MCR senioru 2020 nad 50 let"]
[Site "Rychnov n. K."]
[Date "2020.08.13"]
[Round "6"]
[White "Cermak, Miroslav"]
[Black "Pan, Vladimir"]
[Result "0-1"]
[WhiteElo "1837"]
[BlackElo "2026"]
[EventDate "2020.08.08"]

1. d4  Nf6  2. Bg5  c5
3. Bxf6  gxf6  4. dxc5
Qa5+  5. Qd2  Qxc5
6. Nf3  Nc6  7. Qc3
Qh5  8. Nbd2  Bg7
9. O-O-O  b6  10. g4
Qc5  11. Qxc5  bxc5
12. e3  Rb8  13. c3
d5  14. Rg1  a5
15. Bd3  e6  16. e4  d4
17. cxd4  cxd4  18. Nb3
e5  19. g5  Be6
20. Nfd2  Nb4  21. Bc4  a4
22. Bxe6  fxe6  23. gxf6
Bxf6  24. Na5  Nxa2+
25. Kb1  Nc3+  26. Kc2
Nxd1  27. Rxd1  Ra8
28. Nac4  Ke7  29. f4
exf4  30. e5  Bh4
31. Ne4  f3  32. Kd3
Raf8  33. Rf1  Rhg8
34. Ncd2  f2  35. Ke2
Rg1  36. Ng3  Bxg3
37. hxg3  d3+  38. Kxd3
Rd8+  0-1

[Event "MCR senioru 2020 nad 50 let"]
[Site "Rychnov n. K."]
[Date "2020.08.13"]
[Round "6"]
[White "Kozak, Karel"]
[Black "Zatko, Michal"]
[Result "1-0"]
[WhiteElo "1860"]
[BlackElo "1794"]
[EventDate "2020.08.08"]

1. e4  e6  2. d4  d5
3. exd5  exd5  4. Bd3
Bd6  5. Ne2  Nf6
6. O-O  O-O  7. h3
h6  8. Ng3  c6
9. Be3  Qc7  10. Qf3  Nh7
11. Nf5  Bxf5  12. Qxf5
g6  13. Qf3  Kg7
14. c4  dxc4  15. Bxc4
Nd7  16. Nc3  Ndf6
17. Ne4  Nxe4  18. Qxe4
Rad8  19. Qd3  Bf4
20. Rac1  Qd6  21. Qe4
Bg5  22. Rcd1  Rfe8
23. Qd3  Rd7  24. Rd2
Nf6  25. Bb3  Nd5
26. Bxg5  hxg5  27. Qg3
Qf6  28. Bxd5  Rxd5
29. Rfd1  Re4  30. Qc3
g4  31. f3  gxf3
32. Qxf3  Rf4  33. Qe3
Rdf5  34. a3  Qg5
35. Qc3  Rf3  36. Rd3
Rf2  37. d5+  f6
38. Rg3  Qf4  39. dxc6
bxc6  40. b4  Rf1+
41. Rxf1  Qxf1+  42. Kh2
Rd5  43. Rf3  Qb1
44. Qxf6+  Kh7  45. Qf7+
Kh6  46. Qf4+  Kh7
47. Qh4+  Kg7  48. Qe7+
Kh6  49. Qf8+  Kg5
50. Qf4+  Kh5  51. g4+
1-0

[Event "MCR senioru 2020 nad 50 let"]
[Site "Rychnov n. K."]
[Date "2020.08.13"]
[Round "6"]
[White "Zidu, Jan"]
[Black "Kolibik, Jan"]
[Result "1-0"]
[WhiteElo "1828"]
[BlackElo "1612"]
[EventDate "2020.08.08"]

1. d4  Nf6  2. c4  e6
3. Nc3  d5  4. cxd5
exd5  5. Bg5  c6
6. e3  h6  7. Bh4
Bf5  8. Qb3  b6
9. Nf3  Be7  10. Ne5  Nfd7
11. Bxe7  Qxe7  12. Nxd7
Qxd7  13. Be2  O-O
14. O-O  Qb7  15. Bf3
Be6  16. Ne2  Nd7
17. Rfc1  Nf6  18. Qd3
Bg4  19. Bxg4  Nxg4
20. Rc3  Nf6  21. Rac1
Rac8  22. Qc2  c5
23. dxc5  bxc5  24. f3
c4  25. Qd2  Rc7
26. b3  Rfc8  27. bxc4
dxc4  28. e4  Qb6+
29. Qd4  Qxd4+  30. Nxd4
Rc5  31. Nf5  R8c7
32. a4  Nd7  33. Ne7+
Kh7  34. Nd5  Rc8
35. Rb1  Nf6  36. Nxf6+
gxf6  37. Rb7  R8c7
38. Rxc7  Rxc7  39. Kf2
Kg6  40. Ke3  f5
41. e5  f6  42. f4
fxe5  43. fxe5  Kf7
44. Kd4  Ke6  45. Rxc4
Rd7+  46. Ke3  Kxe5
47. Rc5+  Rd5  48. Rxd5+
Kxd5  49. Kf4  Ke6
50. a5  Kf6  51. a6
Kg6  52. Ke5  Kg5
53. Kd5  Kf6  54. Kc6
Ke6  55. Kb7  Kd7
56. Kxa7  Kc7  57. g3
h5  58. h4  1-0

[Event "MCR senioru 2020 nad 50 let"]
[Site "Rychnov n. K."]
[Date "2020.08.13"]
[Round "6"]
[White "Kutak, Jaroslav"]
[Black "Lorencova, Jitka"]
[Result "1/2-1/2"]
[WhiteElo "1217"]
[BlackElo "1331"]
[EventDate "2020.08.08"]

1. Nf3  Nf6  2. Nc3  d6
3. e4  e5  4. Bc4
h6  5. O-O  Bg4
6. h3  Bh5  7. d3  Nbd7
8. g4  Bg6  9. Nh4
Bh7  10. f4  c6
11. fxe5  Nxe5  12. Bb3  Qb6+
13. Kg2  O-O-O  14. Na4
Qc7  15. Be3  b6
16. g5  hxg5  17. Bxg5
Be7  18. Nf5  Bxf5
19. Rxf5  Qd7  20. h4
d5  21. Rxe5  dxe4
22. Bxf7  Bd6  23. Be6
Bxe5  24. Bxd7+  Rxd7
25. Bxf6 gxf6 26. Kh3  Rg8  27.
h5  f5  28. Qf1  Rg3+
29. Kh4  Rg4+  30. Kh3
Rg3+  1/2-1/2

[Event "MCR senioru 2020 nad 50 let"]
[Site "Rychnov n. K."]
[Date "2020.08.13"]
[Round "6"]
[White "Vorackova, Jarmila"]
[Black "Bracha, Pavel"]
[Result "0-1"]
[WhiteElo "1816"]
[BlackElo "1843"]
[EventDate "2020.08.08"]

1. d4  d6  2. c4  e5
3. d5  f5  4. Nc3
Nf6  5. Qc2  Be7
6. e4  O-O  7. Bd3
Na6  8. exf5  Nb4
9. Qe2  Nxd3+  10. Qxd3
e4  11. Nxe4  Bxf5
12. Nxf6+  Bxf6  13. Qb3
Qe7+  14. Be3  Qe4
15. f3  Qe7  16. Ne2
Rae8  17. Kf2  Bg5
18. Nf4  Qe5  19. Ne6
Bxe3+  20. Qxe3  Qxb2+
21. Kg3  Rf6  22. Qd4
Rg6+  23. Kf4  Qxd4+
24. Nxd4  Bd3  25. g4
Rf6+  26. Kg3  Bxc4
27. Rhc1  b5  28. a4
a6  29. axb5  axb5
30. Ra7  Rf7  31. Rb7
Bxd5  32. Rbxc7  Rxc7
33. Rxc7  b4  34. Rc2
b3  35. Rb2  Re3
36. Kh4  Rd3  37. Nf5
Bxf3  38. Rf2  h6
39. Nxd6  Kh7  40. Nc4
g5+  41. Kh5  Bd5
42. h4  Rh3  0-1

[Event "MCR senioru 2020 nad 50 let"]
[Site "Rychnov n. K."]
[Date "2020.08.13"]
[Round "6"]
[White "Vorel, Bohuslav"]
[Black "Fakan, Petr"]
[Result "1-0"]
[WhiteElo "1564"]
[BlackElo "1360"]
[EventDate "2020.08.08"]

1. e4 b6  2. d4  e6  3. Nf3
Bb7  4. Bd3  Nf6
5. Bg5  Be7  6. Nbd2
O-O  7. O-O  d6
8. c3  Nbd7  9. Qc2  Rc8
10. e5  dxe5  11. dxe5
Ne8  12. Bxe7  Qxe7
13. Bxh7+  Kh8  14. Be4
Bxe4  15. Qxe4  Nc5
16. Qg4  c6  17. Qh5+
Kg8  18. Ng5  1-0

[Event "MCR senioru 2020 nad 60 let"]
[Site "Rychnov n. K."]
[Date "2020.08.13"]
[Round "6"]
[White "Janda, Zdenek"]
[Black "Vagner, Ladislav"]
[Result "1/2-1/2"]
[WhiteElo "2068"]
[BlackElo "1883"]
[EventDate "2020.08.08"]

1. c4  e5  2. Nc3  c6
3. Nf3  d6  4. d4
Qc7  5. e4  Nf6
6. h3  Be7  7. Be3  Nbd7
8. Be2  O-O  9. O-O
a6  10. Rc1  Qa5
11. a3  Re8  12. Qc2
Bf8  13. b4  Qc7
14. Rfd1  a5  15. Qb3
axb4  16. axb4  exd4
17. Nxd4  Nxe4  1/2-1/2

[Event "MCR senioru 2020 nad 60 let"]
[Site "Rychnov n. K."]
[Date "2020.08.13"]
[Round "6"]
[White "Juricek, Stanislav"]
[Black "Semerak, Pavel"]
[Result "1/2-1/2"]
[WhiteElo "2058"]
[BlackElo "1939"]
[EventDate "2020.08.08"]

1. e4  d6  2. d4  Nf6
3. Nc3  e5  4. Nf3
exd4  5. Qxd4  Be7
6. Bg5  O-O  7. O-O-O
h6  8. Bf4  Nc6
9. Qd2  Be6  10. e5  dxe5
11. Qxd8  Raxd8  12. Rxd8
Rxd8  13. Nxe5  1/2-1/2

[Event "MCR senioru 2020 nad 60 let"]
[Site "Rychnov n. K."]
[Date "2020.08.13"]
[Round "6"]
[White "Bartos, Alois"]
[Black "Novotny, Josef"]
[Result "1/2-1/2"]
[WhiteElo "1958"]
[BlackElo "1968"]
[EventDate "2020.08.08"]

1. e4  e6  2. d4  d6
3. f4  Ne7  4. Nf3
Nd7  5. Be3  g6
6. c3  Bg7  7. Bd3  b6
8. Nbd2  Bb7  9. O-O
Nf6  10. Kh1  d5
11. e5  Ng4  12. Bg1
Nf5  13. Qe2  a6
14. Qe1  h5  15. Ng5
Bh6  16. Ndf3  Bf8
17. b4  Be7  18. Bf2
Qd7  19. a4  a5
20. b5  Ngh6  21. Rc1  O-O
22. h3  c6  23. Rg1
cxb5  24. Bxb5  Bc6
25. Rb1  Rfc8  26. g4
Ng7  27. Qe3  Bxb5
28. Rxb5  Rc6  29. Be1
Rac8  30. Bd2  Bd8
31. Qd3  Rc4  32. Nh4
Rxa4  33. Nxg6  fxg6
34. Qxg6  Bxg5  35. Rb2
Bxf4  36. Bxf4  Rxc3
37. Bxh6  Rxh3+  38. Kg2
hxg4  39. Rf1  Raa3
40. Rxb6  Rag3+  41. Kf2
Rf3+  42. Kg2  Rxf1
43. Kxf1  Rf3+  44. Kg2
Rf8  45. Bxg7  Qxg7
46. Qxe6+  Kh8  47. Rb1 1/2-1/2

[Event "MCR senioru 2020 nad 60 let"]
[Site "Rychnov n. K."]
[Date "2020.08.13"]
[Round "6"]
[White "Lepik, Jaroslav"]
[Black "Malinovsky, Petr"]
[Result "0-1"]
[WhiteElo "1789"]
[BlackElo "2081"]
[EventDate "2020.08.08"]

1. d4  d5  2. Nf3  e6
3. Bf4  c5  4. c3
Bd6  5. Bxd6  Qxd6
6. e3  Nc6  7. Nbd2
Nf6  8. Bd3  e5
9. dxe5  Nxe5  10. Nxe5  Qxe5
11. Bb5+  Ke7  12. Nf3
Qd6  13. h3  Rd8
14. O-O  Kf8  15. Bd3
h6  16. Qc2  g5
17. Bf5  Bxf5  18. Qxf5  Qe6
19. Qxe6  fxe6  20. Ne5
Kg7  21. f4  Nd7
22. Nd3  Rf8  23. g3
b6  24. Rf2  Nf6
25. Ne5  Ne4  26. Rg2
b5  27. Nd3  a5
28. Kh2  b4  29. Rc1  Rfc8
30. c4  a4  31. a3
bxa3  32. bxa3  Rab8
33. Rb2  Rxb2+  34. Nxb2
Rb8  35. Nxa4  Ra8
36. Nc3  Rxa3  37. Nxe4
dxe4  38. fxg5  hxg5
39. Kg2  Rxe3  40. Kf2
Rf3+  41. Kg2  Rd3
42. Kf2  Kf6  43. h4
gxh4  44. gxh4  Rh3
45. Ra1  Ke5  46. Ra6
Rxh4  47. Rc6  e3+
48. Kxe3  Rxc4  49. Rc8
Re4+  50. Kd3  c4+
51. Kc3  Rh4  52. Rc5+
Kd6  53. Rxc4  Rxc4+
54. Kxc4 Ke5 55. Kd3  Kf4  56.
Ke2  Ke4  57. Kf2  Kd3
58. Ke1  e5  59. Kd1
e4  60. Ke1  Ke3
0-1

[Event "MCR senioru 2020 nad 60 let"]
[Site "Rychnov n. K."]
[Date "2020.08.13"]
[Round "6"]
[White "Urban, Zdenek"]
[Black "Sobotnik, Petr"]
[Result "1-0"]
[WhiteElo "2076"]
[BlackElo "1901"]
[EventDate "2020.08.08"]

1. d4  d5  2. c4  e6
3. Nf3  Nf6  4. Nc3
Be7  5. e3  O-O
6. Bd3  c5  7. cxd5  exd5
8. dxc5  Bxc5  9. O-O
Nc6  10. Na4  Be7
11. a3  Bg4  12. Be2
Ne4  13. Nc3  Nxc3
14. bxc3  Bf6  15. Rb1
b6  16. Qa4  Bf5
17. Rb2  Rc8  18. Nd4
Nxd4  19. cxd4  Rc7
20. Bd2  Re8  21. Bb5
Rf8  22. Qb3  Be7
23. Ra2  Be6  24. Raa1
Bd6  25. Rfc1  h5
26. g3 h4 27. Rxc7  Qxc7  28.
Rc1  Qb8  29. Kg2  hxg3
30. hxg3  Rc8  31. Rh1
g6  32. Ba6  Rd8
33. e4  Bf8  34. Bf4
dxe4  35. Qe3  Qa8
36. Be5  Bg7  37. Bxg7
Kxg7  38. Qh6+  Kf6
39. Qf4+  Ke7  40. Qg5+
Kd6  41. Rc1  Rd7
42. Bb5  e3+  43. f3
f6  44. Qxf6  Rd8
45. Rc6+  1-0